"Enemy of none but a common friend of all"? <an> international perspective on the lender-of-last-resort function

Uložené v:
Podrobná bibliografia
Hlavný autor: Giannini, Curzio
Médium: Kniha
Jazyk:English
Vydavateľské údaje: Washington International Monetary Fund 1999
Edícia:IMF Working Paper 10
Predmet:
Tagy: Pridať tag
Žiadne tagy, Buďte prvý, kto otaguje tento záznam!

MARC

LEADER 00000nam a2200000 4500
001 c109464
005 20221221082221.6
041 0 |a eng 
044 |a US 
245 1 0 |a "Enemy of none but a common friend of all"?  |b <an> international perspective on the lender-of-last-resort function  |c Curzio Giannini 
264 1 |a Washington  |b International Monetary Fund  |c 1999 
300 |a 58 s. 
490 1 |a IMF Working Paper  |v 10 
830 0 |a IMF Working Paper  |v 10 
610 2 0 |a banky centrálne 
610 2 0 |a Medzinárodný menový fond 
610 2 0 |a úver 
610 2 0 |a pohyb kapitálu 
100 1 |a Giannini, Curzio